000
00256nam a2200097Ia 4500
001
760630
005
20250826165152.0
008
250824s9999 xx 000 0 und d
245
0
_a
TÜRKİYE TARİHİ KRONOLOJİSİ
_c
TOLGA USLUBAŞ
260
_b
PANAMA YAYINLARI
999
_c
760630
_d
760630